000 00537nam a2200205Ia 4500
005 20250508162155.0
008 008 250505s9999 xx 000 0 eng d
020 _a0-340-171634
037 _aTextual
040 _aFEDL
_beng
_cFEDL
041 _aeng
_2eng
084 _a150, HEA
_qFEDL
100 _aHearnshaw L S
245 0 _aCyril burt psychologist
260 _aLondon, UK
_bHodder and Stoughton
_c1979
300 _axi,370p.
650 _aPsychology
942 _cTEXL
_h150, HEA
999 _c1374819
_d1374819